| 000 | 00542nam a22001817a 4500 | ||
|---|---|---|---|
| 005 | 20230713141902.0 | ||
| 008 | 230713b sa a|||| |||| 00| 1 SWA d | ||
| 020 |
_a9781430532538 _qpbk |
||
| 040 |
_aRDA _c3228 |
||
| 041 | _2SWA | ||
| 082 | _aSWA JF TILW | ||
| 245 | _aTilwane tasendle; Libanga 2 | ||
| 260 |
_aAlberton North; _bLectio Publishers; _c[ date of publication not identified]. |
||
| 300 |
_a9 pages; _bcolour illustrations; _c21 cm |
||
| 490 |
_aLali _v11 _x9781430526834 |
||
| 650 |
_aSwati reader _9180427 |
||
| 942 |
_2ddc _cBOOK _w175 _xNaomi Mtsimane _y175 _zNaomi Mtsimane |
||
| 999 |
_c755346 _d755345 |
||